| 000 | 00337nam a2200133Ia 4500 | ||
|---|---|---|---|
| 005 | 20251222143111.0 | ||
| 008 | 251222s9999||||xx |||||||||||||| ||spa|| | ||
| 020 | _a84-85427-03-3 | ||
| 082 | _a261.3/M44 | ||
| 100 | _aMesa Delgado, José María | ||
| 245 | 0 | _aEl Papa con las Contemplativas en Avila: | |
| 264 | _bClaune | ||
| 942 | _cLIB | ||
| 999 |
_c11167 _d11167 |
||